Geografía de la república argentina : parte física(daus) /
Guardado en:
| Autor Principal: | |
|---|---|
| Formato: | Libro |
| Publicado: |
Buenos Aires :
Estrada,
1976
|
| Edición: | 24a. ed. |
| Etiquetas: |
Agregar Etiqueta
Sin Etiquetas, Sea el primero en etiquetar este registro!
|
| LEADER | 00699nam a22001935a 4500 | ||
|---|---|---|---|
| 001 | CEM.cems008738 | ||
| 005 | 20060214000000.0 | ||
| 008 | 130507s1976##################000#0#####d | ||
| 003 | CEMS | ||
| 082 | 0 | 4 | |a 918.2 |
| 100 | 1 | |a Daus, Federico A. | |
| 245 | 1 | 0 | |a Geografía de la república argentina : |b parte física(daus) / |
| 250 | |a 24a. ed. | ||
| 260 | |a Buenos Aires : |b Estrada, |c 1976 | ||
| 300 | |a 176 p.1 | ||
| 859 | |a CEMS |b BIB. CEMS - 11 de abril |h 918.2 |i D268a24/I |p 1745.74 |t Ej.4 | ||
| 859 | |a CEMS |b BIB. CEMS - 11 de abril |h 918.2 |i D268a24/I |p 2231.74 |t Ej.2 | ||
| 859 | |a CEMS |b BIB. CEMS - 11 de abril |h 918.2 |i D268a24/I |p 6072.77 |t Ej.1 | ||
| 859 | |a CEMS |b BIB. CEMS - 11 de abril |h 918.2 |i D268a24/I |p 6119.77 |t Ej.3 | ||
